LEADER 01053nam a2200265 i 4500 001 000000134939 003 CaOOAMICUS 005 20050218000000.0 008 050218s1997 it u000 u ita u 013 $a108183 040 $aSeMil$bita 100 1 $aFerri, Edgarda.$0(OLS)http://semarc/name/19804 245 10$aCaterina da Siena /$cEdgarda Ferri. 250 $aEd. speciale per "Famiglia Cristiana". 260 $a[S.l.] :$bFamiglia Cristiana,$ccopyr. 1997. 300 $a194 p. ;$c21 cm. 490 0 $aI protagonisti 500 $aSupplemento a "Famiglia Cristiana" n. 17 del 29 aprile 2001. 600 04$aCaterina : da Siena .$0(OLS)http://semarc/subject/8079 830 2$aI protagonisti.$0(OLS)http://semarc/title/5908 850 $aSeMil 852 $aSeMil$W1$xVenegono$y1$m3V II 110$j88649$B88649$CSeMilBibl$Z2$F93241 $81 961 $aLascito: Garavaglia don Angelo 996 $6245$aCaterina da Siena$9(OLS)http://semarc/title/197462 996 $6260$a[S.l.] :$bFamiglia Cristiana$9(OLS)http://semarc/publisher/33580 LEADER 00616nam a2200169 i 4500 001 000000229369 003 CaOOAMICUS 005 20140508000000.0 008 140508s1834 it u000 u ita u 013 $a208271 040 $aSeMil$bita 245 10$aTomo 14. 300 $a501 p. 773 0 $tCorso di eloquenza sacra ossia Biblioteca scelta dei padri della chiesa greca e latina di M. N. S. Guillon ..$dMilano : Angelo Bonfanti, 1830-1836.$g14$w()29829 850 $aSeMil 852 $aSeMil$W1$xVenegono$y1$m2S VII 14 FA$j179715$B179715$CSeMilBibl$Z2$F190829 $8I 996 $6245$aTomo 14$9(OLS)http://semarc/title/296686